000 00982nam a22003137a 4500
003 CHAP
005 20220329134749.0
008 971013s r 00010 d
010 _a25475
011 _a26447
035 _a30548
040 _cCHAP
090 _aFolleto 3173
100 0 0 _aBucio E., Luis.
_915890
245 _aMedición de resistencias
260 _a(México, D. F.) :
_bARMO,
_c(s.a.)
300 _a23 p.
_b: ilus.
490 _aColección mediciones eléctricas básicas
_v; 3
590 _aBATCH-UPD
_b10
_c20130110
_lUCH01
_h0154
590 _aBATCH-UPD
_b10
_c20130110
_lUCH01
_h2135
590 _aBATCH-UPD
_b10
_c20130410
_lUCH01
_h1444
590 _aBATCH-UPD
_b10
_c20130914
_lUCH01
_h0754
590 _aCONVERSION
_b10
_c20130109
_lUCH01
_h1315
650 1 4 _aResistencia eléctrica.
_996124
830 0 _aColección mediciones eléctricas básicas
_v; 3
_924922
901 _aBK
942 _cTESIS
949 _aFolleto 3173
_bBC
_cTES
_d-70843
_eTS1
_i30548
_si
999 _c25475
_d25475